000 00470nam a2200169Ia 4500
008 220204s9999 xx 000 0 und d
020 _a9789380235424
082 _a31:631
_bKAT;1
100 _aGangwar, B
245 0 _aStatistical methods for agricultural field experiments
260 _aNew Delhi
_bNew India Publishing Agency
_c2011
650 _aFarm experiment analysis
650 _aFarming system
650 _aSampling
700 _aKatyal, V
942 _cBK
999 _c42992
_d42992